Top Song Every Year by Letter - M - Statistics

General Stats
  • This quiz has been taken 75 times
    23 since last reset
  • The average score is 19 of 68
Answer Stats
Year # Artist Song % Correct
1999 42 Lou Bega Mambo No. 5
68%
1996 1 Los del Rio Macarena (Bayside Boys Mix)
63%
1979 1 The Knack My Sharona
63%
1971 2 Rod Stewart Maggie May
58%
1985 8 Dire Straits Money for Nothing
58%
1981 12 Sheena Easton Morning Train (Nine to Five)
58%
1965 10 The Temptations My Girl
58%
1998 13 Celine Dion My Heart Will Go On
58%
1984 11 John Waite Missing You
53%
1997 12 Hanson MMMBop
53%
1977 14 Jimmy Buffett Margaritaville
47%
2005 16 The Killers Mr. Brightside
47%
1972 15 Chuck Berry My Ding-a-Ling
47%
1983 7 Hall & Oates Maneater
42%
1968 9 Simon & Garfunkel Mrs. Robinson
42%
2004 19 Evanescence My Immortal
42%
1973 5 Paul McCartney & Wings My Love
42%
1959 2 Bobby Darin Mack the Knife
37%
1980 3 Olivia Newton-John Magic
37%
1988 21 Michael Jackson Man in the Mirror
37%
1987 19 Billy Idol Mony Mony
37%
1976 17 Andrea True Connection More, More, More
37%
1991 7 Extreme More Than Words
37%
1989 2 Bobby Brown My Prerogative
37%
1986 36 Belinda Carlisle Mad About You
32%
1978 16 The Rolling Stones Miss You
32%
2003 8 Aaliyah Miss You
32%
1994 35 Crash Test Dummies Mmm Mmm Mmm Mmm
32%
2011 9 Maroon 5 ft. Christina Aguilera Moves Like Jagger
32%
2001 25 Outkast Ms. Jackson
32%
1970 11 Three Dog Night Mama Told Me (Not to Come)
26%
2000 3 Santana ft. The Product G&B Maria Maria
26%
2020 8 Maroon 5 Memories
26%
1974 13 Maria Muldaur Midnight at the Oasis
26%
1966 24 The Mamas & the Papas Monday, Monday
26%
1964 7 Mary Wells My Guy
26%
2018 3 Bebe Rexha ft. Florida Georgia Line Meant to Be
21%
2024 8 Tommy Richman Million Dollar Baby
21%
2021 4 24kGoldn ft. Iann Dior Mood
21%
2025 22 Leon Thomas Mutt
21%
1969 32 Stevie Wonder My Cherie Amour
21%
2023 53 Meghan Trainor Made You Look
16%
1961 3 The Highwaymen Michael
16%
2013 6 Justin Timberlake Mirrors
16%
1975 5 Frankie Valli My Eyes Adored You
16%
2009 23 Kelly Clarkson My Life Would Suck Without You
16%
1992 7 En Vogue My Lovin' (You're Never Gonna Get It)
16%
2002 20 Creed My Sacrifice
16%
1958 7 Perry Como Magic Moments
11%
1982 46 Roberta Flack Making Love
11%
1962 3 Dee Dee Sharp Mashed Potato Time
11%
2006 14 Cassie Me & U
11%
2010 46 Taylor Swift Mine
11%
1995 99 Soul Asylum Misery
11%
2008 57 Ne-Yo Miss Independent
11%
1993 31 Arrested Development Mr. Wendal
11%
1963 9 The Angels My Boyfriend's Back
11%
1967 46 Ed Ames My Cup Runneth Over
11%
2015 44 Fetty Wap ft. Monty My Way
11%
2007 13 Maroon 5 Makes Me Wonder
5%
1990 89 Keith Sweat Make You Sweat
5%
2014 29 Maroon 5 Maps
5%
2017 14 Future Mask Off
5%
2022 20 Bad Bunny and Chencho Corleone Me Porto Bonito
5%
2012 27 Kanye West, Big Sean, Pusha T, and 2 Chainz Mercy
5%
2019 25 J. Cole Middle Child
5%
1960 17 Connie Francis My Heart Has a Mind of Its Own
5%
2016 14 Flo Rida My House
5%
No matching quizzes found
Score Distribution
Percent of People with Each Score
Percentile by Number Answered
Your Score History
You have not taken this quiz since the last reset